Adnominal possessive constructions in the Vasyugan dialect of Khanty; LILA ‘16

Detalles Bibliográficos
Parent link:LILA ‘16.— 2016.— P. 210
Autor Principal: Vorobyeva V. V. Viktoriya Vladimirovna
Autor Corporativo: Национальный исследовательский Томский политехнический университет
Outros autores: Kolesnik E. A. Ekaterina Anatoljevna, Markova N. A. Natalia Aleksandrovna
Summary:В фонде НТБ ТПУ отсутствует
Idioma:inglés
Publicado: 2016
Subjects:
Formato: MixedMaterials Capítulo de libro
KOHA link:https://koha.lib.tpu.ru/cgi-bin/koha/opac-detail.pl?biblionumber=602689

MARC

LEADER 00000naa0a2200000 4500
001 602689
005 20250916144527.0
035 |a (RuTPU)RU\TPU\tpu\28670 
090 |a 602689 
100 |a 20161109d2016 k||y0rusy50 ba 
101 0 |a eng 
102 |a TR 
200 1 |a Adnominal possessive constructions in the Vasyugan dialect of Khanty  |f V. V. Vorobyeva, E. A. Kolesnik, N. A. Markova 
333 |a В фонде НТБ ТПУ отсутствует 
463 1 |t LILA ‘16  |o III. International Linguistics and Language Studies Conference, June 24-25, 2016  |f ed. Berfu Ayhan  |v P. 210  |d 2016 
610 1 |a труды учёных ТПУ 
700 1 |a Vorobyeva  |b V. V.  |c linguist  |c Associate Professor of Tomsk Polytechnic University, Candidate of philological sciences  |f 1976-  |g Viktoriya Vladimirovna  |3 (RuTPU)RU\TPU\pers\34150  |9 17690 
701 1 |a Kolesnik  |b E. A.  |g Ekaterina Anatoljevna 
701 1 |a Markova  |b N. A.  |c linguist  |c Lecturer of Tomsk Polytechnic University  |f 1976-  |g Natalia Aleksandrovna  |3 (RuTPU)RU\TPU\pers\32853  |9 16701 
712 0 2 |a Национальный исследовательский Томский политехнический университет  |c (2009- )  |9 26305 
801 1 |a RU  |b 63413507  |c 20161109 
801 2 |a RU  |b 63413507  |c 20161109  |g RCR 
850 |a 63413507 
942 |c BK